Biblioteca "Ernesto Sabato"
Facultad de Derecho y Ciencias Sociales
Facultad de Lenguas
Universidad Nacional del Comahue

vocabulary learnig strategies (Record no. 14734)

MARC details
000 -CABECERA
campo de control de longitud fija 00463caa a22001572a 4500
001 - NÚMERO DE CONTROL
campo de control 008934
003 - IDENTIFICADOR DEL NÚMERO DE CONTROL
campo de control AR-FADEU
008 - DATOS DE LONGITUD FIJA--INFORMACIÓN GENERAL
campo de control de longitud fija 311216n########xxu####################dd
092 ## - ASIGNACIÓN LOCAL DE SIGNATURA TOPOGRÁFICA DEWEY (OCLC)
Número de clasificación 413.01
Número de documento/Ítem S343
100 ## - ENTRADA PRINCIPAL--NOMBRE DE PERSONA
Nombre de persona Schmitt, Norbert
245 ## - MENCIÓN DE TÍTULO
Título vocabulary learnig strategies
300 ## - DESCRIPCIÓN FÍSICA
Extensión PP. 199-227
500 ## - NOTA GENERAL
Nota general En: Vocabulary : description, acquisition and pedagogy /ed. Schmitt Norbert. Cambridge : University Press, 1997
546 ## - NOTA DE LENGUA/LENGUAJE
Nota de lengua/lenguaje Inglés
942 ## - ELEMENTOS DE PUNTO DE ACCESO ADICIONAL (KOHA)
Tipo de ítem Koha BDGR

No items available.

Facultad de Derecho y Ciencias Sociales | Universidad Nacional del Comahue | Mendoza y Perú General Roca | Río Negro CP (8332) | Patagonia Argentina | Teléfono: 54-0298-4433670 | | Fax: 0298-4432093 | Fax alumnos: 0298-4435700